000 00671nam a2200241Ia 4500
008 170203s9999 xx 000 0 und d
020 _a0 439651913
050 _a0 30
050 _bP119r 2004
100 _aPackard, Mary.
245 _aRipley's believe it or not! :
245 _bspecial edition 2005 /
245 _cby Mary Packard and the editors of Ripley Entertainment, Inc.
260 _aNew York :
260 _bScholastic,
260 _c2004
300 _a143 pages :
300 _bcolor illustrations ;
300 _c26 cm.
650 _aCuriosities and wonders --
650 _aCuriosities and wonders.
650 _xJuvenile literature.
999 _c305706
_d305706